|
|
|
|
| LEADER |
02260cam a2200589 a 4500 |
| 001 |
nkc20142593501 |
| 003 |
CZ PrNK |
| 005 |
20141029092543.0 |
| 007 |
ta |
| 008 |
140515s2013 xr ach e 000 0bcze d |
| 015 |
|
|
|a cnb002593501
|
| 020 |
|
|
|a 978-80-260-7077-1
|q (v knize neuvedeno :
|q brož.)
|
| 035 |
|
|
|a (OCoLC)894843177
|
| 040 |
|
|
|a KLG001
|b cze
|d BOA001
|d ABA001
|
| 043 |
|
|
|a e-xr---
|
| 045 |
|
|
|a w5x3
|
| 072 |
|
7 |
|a 75
|x Malířství
|2 Konspekt
|9 21
|
| 072 |
|
7 |
|a 929
|x Biografie
|2 Konspekt
|9 8
|
| 080 |
|
|
|a 75.071.1-055.2
|2 MRF
|
| 080 |
|
|
|a 75(437.3)
|2 MRF
|
| 080 |
|
|
|a 929
|2 MRF
|
| 080 |
|
|
|a (437.3)
|2 MRF
|
| 080 |
|
|
|a (092)
|2 MRF
|
| 080 |
|
|
|a (044)
|2 MRF
|
| 080 |
|
|
|a (084.11)
|2 MRF
|
| 245 |
0 |
0 |
|a Zdenka Braunerová :
|b (ne)obyčejný život malířky na přelomu 19. a 20. století /
|c Marcela Šášinková (ed.)
|
| 246 |
3 |
|
|a Neobyčejný život malířky na přelomu 19. a 20. století
|
| 246 |
3 |
|
|a Obyčejný život malířky na přelomu 19. a 20. století
|
| 246 |
3 |
0 |
|a (Ne)obyčejný život malířky
|
| 260 |
|
|
|a [Praha] :
|b Salon Zdenky Braunerové ;
|a V Roztokách u Prahy :
|b Středočeské muzeum,
|c 2013
|
| 300 |
|
|
|a 93 s. :
|b il. (převážně barev.), portréty, faksim. ;
|c 15 x 21 cm
|
| 500 |
|
|
|a Životopisná data
|
| 504 |
|
|
|a Obsahuje bibliografii a bibliografické odkazy
|
| 600 |
1 |
7 |
|a Braunerová, Zdenka,
|d 1858-1934
|7 jk01013026
|2 czenas
|
| 648 |
|
4 |
|a 1858-1934
|
| 648 |
|
7 |
|a 19.-20. století
|7 ch757015
|2 czenas
|
| 650 |
0 |
7 |
|a malířky
|7 ph122597
|z Česko
|y 19.-20. stol.
|2 czenas
|
| 650 |
0 |
7 |
|a české malířství
|7 ph116864
|y 19.-20. stol.
|2 czenas
|
| 650 |
0 |
9 |
|a women painters
|z Czechia
|y 19th-20th centuries
|2 eczenas
|
| 650 |
0 |
9 |
|a Czech painting
|y 19th-20th centuries
|2 eczenas
|
| 655 |
|
7 |
|a biografie
|7 fd131909
|2 czenas
|
| 655 |
|
7 |
|a korespondence
|7 fd132681
|2 czenas
|
| 655 |
|
7 |
|a obrazové publikace
|7 fd132947
|2 czenas
|
| 655 |
|
9 |
|a biography
|2 eczenas
|
| 655 |
|
9 |
|a correspondence
|2 eczenas
|
| 655 |
|
9 |
|a pictorial works
|2 eczenas
|
| 700 |
1 |
|
|a Šášinková, Marcela,
|d 1963-
|7 jn99240001673
|4 edt
|
| 910 |
2 |
|
|a BOA001
|b 2-1331.982
|
| 990 |
|
|
|a BK
|
| 995 |
|
|
|a 01
|
| 991 |
|
|
|b 201410
|e n
|
| 996 |
6 |
|
|b 2610604779
|c 2-1331.982
|l MZK
|r Sklad / do 1 hodiny
|n 3
|p p.v.
|w 001456367
|u 000010
|a 1
|e BOA001
|j MZK50
|s P
|